CREATING AND MARKETING NEW PRODUCTS AND (Record no. 30156)
[ view plain ]
| 000 -LEADER | |
|---|---|
| fixed length control field | 00309nam a2200121Ia 4500 |
| 008 - FIXED-LENGTH DATA ELEMENTS--GENERAL INFORMATION | |
| fixed length control field | 240624s9999 xx 000 0 und d |
| 041 ## - LANGUAGE CODE | |
| Language code of text/sound track or separate title | eng |
| 082 ## - DEWEY DECIMAL CLASSIFICATION NUMBER | |
| Classification number | 658.575 GAR |
| 100 ## - MAIN ENTRY--PERSONAL NAME | |
| Personal name | GARCIA ROSANNA |
| 245 ## - TITLE STATEMENT | |
| Title | CREATING AND MARKETING NEW PRODUCTS AND |
| 260 ## - PUBLICATION, DISTRIBUTION, ETC. | |
| Date of publication, distribution, etc. | 2014 |
| Place of publication, distribution, etc. | Florida |
| Name of publisher, distributor, etc. | CRC Press |
| 365 ## - TRADE PRICE | |
| Currency code | BPS |
| Price amount | 25 |
| Withdrawn status | Lost status | Damaged status | Not for loan | Home library | Current library | Shelving location | Date acquired | Cost, normal purchase price | Full call number | Barcode | Date last seen | Copy number | Price effective from | Koha item type |
|---|---|---|---|---|---|---|---|---|---|---|---|---|---|---|
| IMTN | IMTN | Rack 34-B | 12/22/2017 | 75.99 | 658.575 GAR | 30156 | 06/24/2024 | 89 | 06/24/2024 | Books |